<?xml version="1.0" encoding="UTF-8"?><?xml-stylesheet type="text/xsl" href="static/style.xsl"?><OAI-PMH xmlns="http://www.openarchives.org/OAI/2.0/" xmlns:xsi="http://www.w3.org/2001/XMLSchema-instance" xsi:schemaLocation="http://www.openarchives.org/OAI/2.0/ http://www.openarchives.org/OAI/2.0/OAI-PMH.xsd"><responseDate>2026-06-29T01:47:12Z</responseDate><request verb="GetRecord" identifier="oai:docta.ucm.es:20.500.14352/61181" metadataPrefix="marc">https://docta.ucm.es/rest/oai/request</request><GetRecord><record><header><identifier>oai:docta.ucm.es:20.500.14352/61181</identifier><datestamp>2024-11-28T17:15:31Z</datestamp><setSpec>com_20.500.14352_14</setSpec><setSpec>col_20.500.14352_18</setSpec></header><metadata><record xmlns="http://www.loc.gov/MARC21/slim" xmlns:dcterms="http://purl.org/dc/terms/" xmlns:xsi="http://www.w3.org/2001/XMLSchema-instance" xmlns:doc="http://www.lyncode.com/xoai" xsi:schemaLocation="http://www.loc.gov/MARC21/slim http://www.loc.gov/standards/marcxml/schema/MARC21slim.xsd">
   <leader>00925njm 22002777a 4500</leader>
   <datafield ind2=" " ind1=" " tag="042">
      <subfield code="a">dc</subfield>
   </datafield>
   <datafield ind2=" " ind1=" " tag="720">
      <subfield code="a">Reboul Díaz, Anne Marie</subfield>
      <subfield code="e">author</subfield>
   </datafield>
   <datafield ind2=" " ind1=" " tag="260">
      <subfield code="c">1997</subfield>
   </datafield>
   <datafield ind2=" " ind1=" " tag="520">
      <subfield code="a">En esta investigación post-doctoral realizada en 1995 en La Sorbonne (París) bajo la dirección del Profesor de Literatura General y comparada Daniel-Henri Pageaux, hemos delimitado un campo nuevo de trabajo que hemos denominado Les Romans de l’artiste de tradition latine. La profusión de obras francesas, españolas e italianas que derivan del sub-género narrativo de tradición esencialmente alemana llamado Künstlerroman permite identificar una vena latina propia. 
Por una parte y al delimitar bien las fronteras del género, hemos podido elaborar el primer corpus de obras a estudiar. Por otra y con el fin de poner de relieve la gran cohesión de las obras seleccionadas hemos identificado algunos de sus temas más representativos</subfield>
   </datafield>
   <datafield ind1="8" ind2=" " tag="024">
      <subfield code="a">https://hdl.handle.net/20.500.14352/61181</subfield>
   </datafield>
   <datafield ind2="0" ind1="0" tag="245">
      <subfield code="a">Les Romans de l'artiste de tradition latine</subfield>
   </datafield>
</record></metadata></record></GetRecord></OAI-PMH>